000 00865nam a2200253 i 4500
001 000049248
003 DO-SdBNP
005 20250716081830.0
007 ta
008 190801s2001 dr r 000 0 spa d
040 _aDO-SdBNP
_bspa
_cBNPHU
_erda
082 4 _axxxx
_bV648l
_222
100 _a‏Vidal Potentitni, Trajano,
_eautor
_4aut.
_973577
245 1 0 _aLegislación agraria de la República Dominicana /
_cTrajano Vidal Potentini
264 1 _aSanto Domingo :
_bEdiciones Jurídicas Trajano Potentini,
_c2001.
300 _a232 páginas ;
_c21 cm.
336 _atexto
_btxt
_2rdacontent
337 _asin mediación
_bn
_2rdamedia
338 _avolumen
_bnc
_2rdacarrier
500 _aIncluye referencias bibliográficas y notas al pie de las páginas
504 _aBibliografía : páginas 231-232
590 _aInventariado, 2019/BT
942 _2ddc
_cLBS1
999 _c48736
_d48736